00988cac a22002651u 4500090000900000008004100009010001600050020001500066082001800081100003400099245012000133250001200253260005200265300003400317440005300351440002800404500002000432500002600452511002600478650003500504700002200539942002500561999001500586952012100601 c7574081106t1988 xxu||||| |||| 00| 0 eng d a 88021201 a015601578100a004.0151bIWA aVan Iwaarden, John L. 10aDiscrete structures :bessential computer mathematics /cJohn L. Van Iwaarden ; consulting editor, Herbert Dershem. a1st ed. aSan Diego :bHarcourt Brace Jovanovich,cc1988. avii, 398 p. :bill. ;c28 cm. 0aHarcourt Brace Jovanovich college outline series 0aBooks for professionals aIncludes index. adistributer: Al-Ahram acatalogued by: wessam 0aComputer sciencexMathematics.1 aDershem, Herbert. cBBk004.0151IWA2ddc c7574d7574 00104070aMAINbMAINcLOWd2008-01-29ePurchasel1m1o004.0151IWAp000008962r2025-07-15 00:00:00s2014-12-02yBB